| 000 | 00590nam a2200205Ia 4500 | ||
|---|---|---|---|
| 003 | IIN | ||
| 005 | 20250412121140.0 | ||
| 008 | 250412s9999 xx ad 001 0 eng d | ||
| 020 |
_cRs.1495.00 _a9789393330659 |
||
| 040 |
_aIIN _bEnglish |
||
| 082 |
_a579.0282 _bSAX |
||
| 245 | 1 |
_aAnanthanarayan and Paniker's Textbook of Microbiology for Nurses/ _cedited by Sonal Saxena |
|
| 250 | _a13th ed | ||
| 260 |
_bUniversity Press _aHyderabad _c2025 |
||
| 300 |
_axvi, 776 p. _bcol. ill. |
||
| 500 | _aIncludes Index | ||
| 650 | 1 | _aMicrobiology | |
| 700 | _aSaxena, Sonal (ed.) | ||
| 942 | _cBOOK | ||
| 999 |
_c1749 _d1749 |
||